Integrated environmental planning
Αποθηκεύτηκε σε:
| Κύριος συγγραφέας: | |
|---|---|
| Μορφή: | Βιβλίο |
| Γλώσσα: | English |
| Δημοσίευση: |
Oxford; Maiden, MA :
Blackwell Science,
2003
|
| Θέματα: | |
| Ετικέτες: |
Προσθήκη ετικέτας
Δεν υπάρχουν, Καταχωρήστε ετικέτα πρώτοι!
|
MARC
| LEADER | 00000nam a2200000 i 4500 | ||
|---|---|---|---|
| 001 | 1/75247 | ||
| 008 | 050414s2003 eng d | ||
| 020 | |a 0-632-04346-6 | ||
| 035 | |l 10077654 | ||
| 040 | |a GR-MY-UA |b gre |e aacr | ||
| 041 | 0 | |a eng | |
| 082 | 0 | |a 363.705 |2 (21) | |
| 100 | 1 | |a Lein, James K. | |
| 245 | 1 | 0 | |a Integrated environmental planning / |c James K. Lein |
| 260 | |a Oxford; Maiden, MA : |b Blackwell Science, |c 2003 | ||
| 300 | |a x, 228 σ.; |b εικ.; |c 25 εκ. | ||
| 504 | |a Περιέχει βιβλιογραφία και ευρετήριο | ||
| 650 | 0 | 0 | |a Environmental management |x Planning. |
| 852 | |a INST |b LESVOS |e 20050414 |h 363.705 LEI |p 005100027865 |q 005100027865 |t BK |y 0 | ||
| 901 | |a BIBL1-2005-1 | ||
| 909 | |a Λ |b 116686 | ||
| 922 | |a 1ΕΛΗ |b 200411 |c ΕΠΕΑΕΚ2/ΤΓ |d ΜΙΧΑΛΟΠΟΥΛΟΣ | ||
| 950 | |a 118-2004-10-06 | ||
| 970 | |a ΚΑΡΑ |b ΓΙΑΣΕΜΗ |z 2005/04/18 | ||